[Event "FRA-ch op-B"]
[Site "Pau"]
[Date "2012.08.14"]
[Round "1"]
[White "Chebance, Benoit"]
[Black "Alonso, Audrey"]
[Result "1-0"]
[WhiteElo "1961"]
[BlackElo "1863"]
[PlyCount "81"]
[EventDate "2012.08.14"]
[EventType "swiss"]
[EventRounds "11"]
[EventCountry "FRA"]
[SourceTitle "EXT 2013"]
[Source "ChessBase"]
[SourceDate "2012.11.22"]
[SourceVersion "1"]
[SourceVersionDate "2012.11.22"]
[SourceQuality "1"]

1. e4 e5 2. Nf3 Nc6 3. d4 exd4 4. Bc4 Nf6 5. 0-0 d5 6. exd5 Nxd5 7. Nxd4 Nxd4 8. Qxd4 Be6 9. Re1 Nb6 10. Qxd8+ Rxd8 11. Bxe6 fxe6 12. Rxe6+ Kf7 13. Re1 Bb4 14. c3 Rhe8 15. Kf1 Bc5 16. Nd2 Na4 17. Ne4 Bb6 18. b3 Nc5 19. Nxc5 Rxe1+ 20. Kxe1 Bxc5 21. Bf4 Rd3 22. Rc1 c6 23. Rc2 Kg6 24. Ke2 Rd7 25. Bg3 Kf5 26. Rd2 Re7+ 27. Kf1 g6 28. Re2 b5 29. Rxe7 Bxe7 30. Ke2 Ke4 31. f3+ Kd5 32. Kd3 a6 33. Bc7 Bf6 34. g4 Be5 35. Bxe5 Kxe5 36. Ke3 g5 37. c4 bxc4 38. bxc4 c5 39. a3 h6 40. h3 h5 41. a4 1-0

[Event "FRA-ch U18 Girls"]
[Site "Nimes"]
[Date "2012.04.21"]
[Round "9"]
[White "Alonso, Audrey"]
[Black "Aflalo, Sophie"]
[Result "1-0"]
[WhiteElo "1858"]
[BlackElo "2046"]
[PlyCount "68"]
[EventDate "2012.04.14"]
[EventType "swiss"]
[EventRounds "9"]
[EventCountry "FRA"]
[SourceTitle "CBM 148 Extra"]
[Source "ChessBase"]
[SourceDate "2012.06.22"]
[SourceVersion "1"]
[SourceVersionDate "2012.06.22"]
[SourceQuality "1"]

1. e4 c5 2. c4 Nc6 3. Nc3 g6 4. g3 Bg7 5. Bg2 a6 6. Nge2 b5 7. cxb5 axb5 8. Nxb5 Ba6 9. Nec3 Qa5 10. a4 Rb8 11. Bf1 Nb4 12. Be2 Bxc3 13. dxc3 Bxb5 14. Bxb5 Rxb5 15. axb5 Qxa1 16. cxb4 Nf6 17. 0-0 0-0 18. e5 Nh5 19. Bh6 Qxb2 20. Bxf8 Kxf8 21. Qxd7 Qxb4 22. Qd8+ Kg7 23. b6 Qa5 24. Qc7 c4 25. Rc1 e6 26. Rxc4 Qd5 27. Rc1 Qf3 28. b7 Nf4 29. gxf4 Qg4+ 30. Kf1 Qh3+ 31. Ke2 Qg4+ 32. Ke3 g5 33. Ke4 Qh4 34. f3 g4 1-0

[Event "FRA-chT2 Top 12 (Women)"]
[Site "France"]
[Date "2009.05.24"]
[Round "2.1"]
[White "Alonso, Audrey"]
[Black "Safranska, Anda"]
[Result "0-1"]
[WhiteElo "1774"]
[BlackElo "2306"]
[PlyCount "70"]
[EventDate "2009.05.23"]
[EventType "team-swiss"]
[EventRounds "3"]
[EventCountry "FRA"]
[SourceTitle "EXT 2010"]
[Source "ChessBase"]
[SourceDate "2010.11.25"]
[SourceVersion "1"]
[SourceVersionDate "2010.11.25"]
[SourceQuality "1"]

1. e4 g6 2. d4 Bg7 3. g3 c5 4. c3 cxd4 5. cxd4 Qb6 6. Ne2 d6 7. b3 Bg4 8. Be3 Bf3 9. Rg1 Bxe4 10. Nbc3 Bf3 11. Rc1 Nf6 12. Qd3 Bxe2 13. Qxe2 0-0 14. d5 Qd8 15. Bh3 Nbd7 16. Qb5 Ne5 17. Ke2 b6 18. f4 Ned7 19. g4 a6 20. Qb4 Nc5 21. g5 Nfd7 22. Bd4 a5 23. Qc4 b5 24. Nxb5 Nb6 25. Qc3 Nxd5 26. Qf3 Nxf4+ 27. Qxf4 e5 28. Bxe5 Bxe5 29. Qh4 Rb8 30. Nd4 Re8 31. Kd1 Rb4 32. Rc4 Rxc4 33. bxc4 Qb6 34. Rg2 Qb1+ 35. Kd2 Qd3+ 0-1

[Event "FRA-ch U14 Girls"]
[Site "La Roche sur Yon"]
[Date "2008.04.27"]
[Round "9"]
[White "Andre, Severine"]
[Black "Alonso, Audrey"]
[Result "0-1"]
[WhiteElo "1733"]
[BlackElo "1530"]
[PlyCount "114"]
[EventDate "2008.04.21"]
[EventType "swiss"]
[EventRounds "9"]
[EventCountry "FRA"]
[SourceTitle "EXT 2010"]
[Source "ChessBase"]
[SourceDate "2010.11.25"]
[SourceVersion "1"]
[SourceVersionDate "2010.11.25"]
[SourceQuality "1"]

1. e4 e5 2. Nc3 Bc5 3. Bc4 Nc6 4. d3 Na5 5. a3 Nxc4 6. dxc4 a6 7. b4 Bd4 8. Nge2 Bxc3+ 9. Nxc3 d6 10. 0-0 Be6 11. Qd3 Ne7 12. Rd1 0-0 13. Be3 f5 14. Bg5 Qe8 15. Bxe7 Qxe7 16. Nd5 Qf7 17. Rd2 Rad8 18. Ne3 f4 19. Nd5 f3 20. Qxf3 Bxd5 21. cxd5 Qxf3 22. gxf3 Rxf3 23. Rd3 Rdf8 24. Rf1 g5 25. a4 g4 26. Re3 R8f4 27. Rxf3 Rxf3 28. b5 Rc3 29. bxa6 bxa6 30. Rb1 a5 31. Rb8+ Kf7 32. Ra8 Rc5 33. Ra7 Ke7 34. Kg2 Rxc2 35. Rxa5 Rc4 36. f3 h5 37. h4 gxf3+ 38. Kxf3 Rc3+ 39. Kf2 Rh3 40. Ra8 Rxh4 41. Kf3 Rh3+ 42. Kf2 Ra3 43. a5 h4 44. Rh8 h3 45. a6 Rxa6 46. Rxh3 Ra2+ 47. Kg3 Ra3+ 48. Kg4 Rxh3 49. Kxh3 Kd7 50. Kg4 c6 51. dxc6+ Kxc6 52. Kf5 Kb5 53. Ke6 Kc5 54. Kf6 Kd4 55. Kf5 Ke3 56. Ke6 Kxe4 57. Kxd6 Kd4 0-1